000 01492nam0a22003251 4500
001 rc\3801155
005 20120311164426.3
021 _aRU
_b76-8484
021 _aRU
_bРг4193-76
035 _a(NLR Aleph) 007247175
090 _a5166338
_c5166338
100 _a20120311d1975 |||y0rusy50 ca
101 0 _arus
102 _aRU
105 _ay z |||||
200 1 _aИз опыта работы буровых и вышкомонтажных бригад Главтюменнефтегаза, возглавляемых мастерами - Героями Социалистического труда
_fМ-во нефт. пром. ВНИИ организации, упр. и экономики нефтегазовой пром-сти
210 _aМосква
_cБ. и.
_d[1975]
215 _a[1], 21 с.
_d20
225 1 _aЭкспресс-информация
_iБурение
_eПередовой произв. опыт
300 _aНа обл. только загл. серии
300 _aВ конце текста: В.С. Сторожев, А.Я. Фатеев
300 _aОписано по 1-й с.
701 1 _aСторожев
_bВ. С.
701 1 _aФатеев
_bА. Я.
712 0 2 _aВНИИ организации, управления и экономики нефтегазовой промышленности
_3RU\NLR\AUTH\889941164
801 0 _aRU
_bNLR
_gpsbo
801 1 _aRU
_bELAR
_2rusmarc
852 _aNLR
_j76-4/11118
942 _cBOOK
980 _aNB